Statystyki dla państwa wydobywające najwięcej ropy naftowej

Kliknij tutaj aby rozwiązać quiz!

Ogólne statystyki

  • Ten quiz został rozwiązany 105 razy
  • Średni wynik to 7 z 10

Statystyki odpowiedzi

ilośćproducent% Poprawnych
393 mozusa
93%
497 mozrosja
92%
184 mozchiny
85%
182 moziran
75%
157 mozkanada
72%
385 mozarabia saudyjska
68%
119 mozirak
68%
121 mozbrazylia
48%
116 moznorwegia
46%
145 mozmeksyk
45%

Rozkład punktacji

Percentyl według liczby udzielonych odpowiedzi

Procent ludzi z każdym wynikiem

Twoja historia wyników

Nie rozwiązałeś tego quizu